header

Professional Issues in Secondary Teaching (Record no. 254387)

MARC details
000 -LEADER
fixed length control field 00667nam a22002177a 4500
003 - CONTROL NUMBER IDENTIFIER
control field OSt
005 - DATE AND TIME OF LATEST TRANSACTION
control field 20231107100149.0
008 - FIXED-LENGTH DATA ELEMENTS--GENERAL INFORMATION
fixed length control field 160608b xxu||||| |||| 00| 0 eng d
010 ## - LIBRARY OF CONGRESS CONTROL NUMBER
LC control number 2012940853
020 ## - INTERNATIONAL STANDARD BOOK NUMBER
International Standard Book Number 9781446207895 (hbk.)
International Standard Book Number 1446207897 (hbk.)
International Standard Book Number 1446207900 (pbk.)
International Standard Book Number 9781446207901 (pbk.)
040 ## - CATALOGING SOURCE
Transcribing agency UKMGB
Original cataloging agency UKMGB
Modifying agency DLC
050 ## - LIBRARY OF CONGRESS CALL NUMBER
Classification number LB 1607
Item number .M4 2013
245 ## - TITLE STATEMENT
Title Professional Issues in Secondary Teaching
Statement of responsibility, etc Edited by:Carrie Mercier , Carey Philpott , Helen Scott.
250 ## - EDITION STATEMENT
Edition statement 1st Edn.
260 ## - PUBLICATION, DISTRIBUTION, ETC. (IMPRINT)
Place of publication, distribution, etc London :
Name of publisher, distributor, etc SAGE,
Date of publication, distribution, etc 2013.
300 ## - PHYSICAL DESCRIPTION
Extent xii, 228 pages :
Other physical details illustrations ;
Dimensions 24 cm
942 ## - ADDED ENTRY ELEMENTS (KOHA)
Source of classification or shelving scheme Library of Congress Classification
Koha item type Long Loan Books
Holdings
Withdrawn status Lost status Source of classification or shelving scheme Damaged status Not for loan Collection code Home library Current library Shelving location Date acquired Total Checkouts Full call number Barcode Date last seen Date checked out Price effective from Koha item type
    Library of Congress Classification     Non-fiction Rongo University Library Rongo University Library General Stacks 08/06/2016 1 LB 1607.M4 2013 20142547 21/09/2016 15/09/2016 08/06/2016 Long Loan Books

© 2026 Rongo University
Contact us: librarian | system librarian | Rongo university